000 01070pam a2200337 ia4500
001 vtls000920634
003 PNM
005 20211116090327.0
008 201207s2021 my ao g 000 0 may
015 _aM21-02454
020 _a9789672976035
_qpaperback
_cRM 38.50
020 _a9789671842492
_qset
039 9 _a202106111630
_brosliza
_c202106080050
_dzainura
_c202106021228
_dzainura
_c202103062126
_dain
040 _aBNM
_beng
_cBNM
_erda
_dPPAK
049 _amal
082 0 4 _a923.595
_223
090 0 0 _a923.595
_bFAU
_dK
100 0 _aFauziah Abd. Ralip,
_eauthor.
245 1 0 _aTOKOH PENGHIBUR NEGARA /
_cFAUZIAH ABD RALIP
264 1 _aPasir Mas, Kelantan :
_bABADA PUBLICATION,
_c2021
300 _a64 pages :
_bcolour photographs ;
_c26 cm.
336 _atext
_2rdacontent
337 _aunmediated
_2rdamedia
338 _avolume
_2rdacarrier
490 1 _aTOP 10 NEGARA
650 1 0 _aSingers
_zMalaysia
_vBiography
650 2 0 _aActors
_zMalaysia
_vBiography
650 2 0 _aEntertainers
_zMalaysia
_vBiography
830 0 _aTop 10 negara
942 _2ddc
_cB
999 _c186055
_d186055